Les Pokémons de la sixième génération - Statistiques

Statistiques générales
  • Ce quiz a été pris 32 fois
    30 depuis la dernière actualisation
  • Le résultat moyen est 57 sur 72
Statistiques - réponses
Par images Réponse % Correct
Grenousse
100%
Marisson
96%
Amphinobi
91%
Croâporal
91%
Feunnec
91%
Sapereau
91%
Yveltal
91%
Boguérisse
87%
Dedenne
87%
Hélionceau
87%
Lépidonille
87%
Muplodocus
87%
Nymphali
87%
Passerouge
87%
Xerneas
87%
Blindépique
83%
Braisillon
83%
Brutalibré
83%
Chevroum
83%
Couafarel
83%
Diancie
83%
Exagide
83%
Flabébé
83%
Flambusard
83%
Floette
83%
Florges
83%
Goupelin
83%
Hoopa
83%
Mucuscule
83%
Némélios
83%
Pandarbare
83%
Pandespiègle
83%
Roussil
83%
Sonistrelle
83%
Strassie
83%
Trousselin
83%
Volcanion
83%
Zygarde
83%
Brocélôme
78%
Bruyverne
78%
Desséliande
78%
Excavarenne
78%
Kravarech
78%
Prismillon
78%
Seracrawl
78%
Cabriolaine
74%
Colimucus
74%
Cupcanaille
74%
Dimoclès
74%
Fluvetin
74%
Gamblast
74%
Grelaçon
74%
Monorpale
74%
Pitrouille
74%
Ptyranidur
74%
Sepiatop
74%
Sepiatroce
74%
Sucroquin
74%
Amagara
70%
Dragmara
70%
Golgopathe
70%
Psystigri
70%
Rexillius
70%
Cocotine
65%
Flingouste
65%
Galvaran
65%
Iguolta
65%
Mistigrix
65%
Opermine
65%
Venalgue
65%
Banshitrouye
61%
Pérégrain
61%
Aucun quiz correspondant
Distribution des résultats
% des personnes avec chaque résultat
Percentile par nombre de réponses
Votre historique - résultats
Vous n’avez pas pris ce quiz depuis la dernière actualisation